Živnostenský zákon s komentárom Pre právnu a podnikateľskú prax v znení zmien a doplnkov vykonaných neskoršími zákonmi vrátane zákona NR SR schváleného 27. apríla 1994

Gespeichert in:
Bibliographische Detailangaben
1. Verfasser: Cirák, Ján
Weitere Verfasser: Horvatová, Katarína, Kriška, Peter
Format: Buch
Sprache:Slowakisch
Veröffentlicht: Bratislava Práca 1994
Ausgabe:1. vyd.
Schriftenreihe:Knižnica odborára Zv.2/94
Schlagworte:
Tags: Tag hinzufügen
Keine Tags, Fügen Sie das erste Tag hinzu!

MARC

LEADER 00000nam a2200000 4500
001 c005720
005 20221214075219.9
020 |a 80-7094-227-4 
041 0 |a slo 
044 |a SK 
245 1 0 |a Živnostenský zákon s komentárom  |b Pre právnu a podnikateľskú prax v znení zmien a doplnkov vykonaných neskoršími zákonmi vrátane zákona NR SR schváleného 27. apríla 1994  |c Ján Cirák, Katarína Horvatová, Peter Kriška 
250 |a 1. vyd. 
264 1 |a Bratislava  |b Práca  |c 1994 
300 |a 176 s. 
490 1 |a Knižnica odborára  |v Zv.2/94 
830 0 |a Knižnica odborára  |v Zv.2/94 
610 2 0 |a zákony 
610 2 0 |a Slovensko 
610 2 0 |a podnikanie 
610 2 0 |a 1994 
610 2 0 |a živnosti 
610 2 0 |a komentáre 
610 2 0 |a koncesie 
100 1 |a Cirák, Ján 
700 1 |a Horvatová, Katarína 
700 1 |a Kriška, Peter